Регионална библиотека "Любен Каравелов" - Русе

Безсъници (Запис номер 395911)

MARC детайли
000 -Лидер
Контролно поле с фиксирана дължина 00912nam a2200253 a 4500
003 - Код на организацията, давaща контролен номер
Контролно поле BLK
005 - Дата и час на последна редакция
Контролно поле 20240730084216.0
008 - Елементи от данни с фиксирана дължина
fixed length control field 190213b bu a|||gr|||| 00| 0 bu d
040 ## - Източник на каталожния запис
Идентификатор на билиотеката - собственик на записа BLK
041 ## - Код за език
Код за езика на текст/звукозапис или на отделно заглавие Български
Код за езика КДБФ Български
080 ## - УДК
Текстов определител УДК Българска литература
УДК код - определител по УДК 821.163.2
УДК определител -1
УДК - код + определител 821.163.2-1
100 ## - Редна дума - Автор
Автор Яворов, Пейо Крачолов
Дати, свързани с автора 1878 - 1914
Пълна форма на името Крачолов, Пейо Тотев
R(LIN) 245003
139 ## - Редно поле
Редна дума Яворов, Пейо Крачолов
Авторски знак Яво - Я 18
245 ## - Сведения за заглавието
Заглавие Безсъници
Подзаглавни данни Стихове
250 ## - Област на изданието
Сведения за изданието Фототип. изд
260 ## - Област на издателските данни
9 (RLIN) 209599
Място на издаване, разпространение и проч. София
Име на издателя, разпространителя и проч. Пейо К. Яворов
Година на издаване 1992
Издателство - префикс ISBN 954-525-
300 ## - Физическа характеристика
Страници 91 с.
Илюстрации и др. с ил.
Размери/Мащаб 29 см
380 ## - Жанр
Жанр Худож. лит.
500 ## - Общи забележки
Забележка Фототипно изд. на кн. от 1906-1907 г
852 ## - Местоположение
Форматна сигнатура Цб ІІ 7746
Фондова буква Хранилище
942 ## - АРТИКУЛИ
Вид на библиотечния материал Книги
Скрит в OPAC Не
Периодичен библиозапис Да
944 ## - СЪЗДАВАНЕ И РЕДАКЦИЯ на ЗАПИСА
Създаване/Редакция Създаване
Дата на регистрацията/редакция 2021-01-26
Служител, извършил регистрацията/редакцията 30545
Статус, дата на статуса Нора Радева
999 ## - СИСТЕМНИ КОНТРОЛНИ НОМЕРА
Koha biblionumber 395911
Koha biblioitemnumber 395911
999 ## - СИСТЕМНИ КОНТРОЛНИ НОМЕРА
Koha biblioitemnumber 395911
Наличности
Код за отписване Код за изгубен артикул Източник на класификационната схема Код за повреда Код за отдаване Артикулен № Име на библиотеката - собственик Име на библиотеката, в която се намира в момента Статус (Текущо местоположение) Дата на вписване в системата Местоположение - отдел Цена в лева Инвентарен номер Систематично азбучна сигнатура Баркод Цена в евро Служебен тип на артикула
  Не е изгубен Universal Decimal Classification Не е повреден ползва се в читалня 809369 Регионална библиотека "Любен Каравелов" Русе Регионална библиотека "Любен Каравелов" Русе Хранилище 2021-01-27 Хранилище 12.00 569811 Цб ІІ 7746 120000569811 6.14 Книги
Vip Innovations Ltd, Rousse, Bulgaria 2025